Catálogo público

Guía para la elaboración de planes de mantenimiento / (Record no. 219465)

MARC details
000 -CABECERA
campo de control de longitud fija 03231nam a2200325 a 4500
003 - IDENTIFICADOR DEL NÚMERO DE CONTROL
campo de control CHAP
005 - FECHA Y HORA DE LA ÚLTIMA TRANSACCIÓN
campo de control 20231128182055.0
007 - CAMPO FIJO DE DESCRIPCIÓN FÍSICA--INFORMACIÓN GENERAL
campo de control de longitud fija ta
008 - DATOS DE LONGITUD FIJA--INFORMACIÓN GENERAL
campo de control de longitud fija 231128s2021 sp ado|fr|||| 001 0 spa d
020 ## - NÚMERO INTERNACIONAL ESTÁNDAR DEL LIBRO
Número Internacional Estándar del Libro 978-84-608-1985-1
040 ## - FUENTE DE LA CATALOGACIÓN
Centro catalogador/agencia de origen mxchpua
Centro/agencia transcriptor CHAP
Normas de descripción rda
050 10 - SIGNATURA TOPOGRÁFICA DE LA BIBLIOTECA DEL CONGRESO
Número de clasificación TS192
Número de documento/Ítem .G37 2021
082 00 - NÚMERO DE LA CLASIFICACIÓN DECIMAL DEWEY
Número de clasificación 658.202
Número de documento/Ítem G37 2021
Número de edición 20
100 10 - ENTRADA PRINCIPAL--NOMBRE DE PERSONA
9 (RLIN) 188303
Nombre de persona García Garrido, Santiago
Término indicativo de función/relación autor
245 10 - MENCIÓN DE TÍTULO
Título Guía para la elaboración de planes de mantenimiento /
Mención de responsabilidad, etc. Santiago, García Garrido
250 ## - MENCIÓN DE EDICIÓN
Mención de edición 1a edición
264 ## - PRODUCCIÓN, PUBLICACIÓN, DISTRIBUCIÓN, FABRICACIÓN Y COPYRIGHT
Producción, publicación, distribución, fabricación y copyright Madrid, España :
Nombre del de productor, editor, distribuidor, fabricante Renovetec,
Fecha de producción, publicación, distribución, fabricación o copyright 2021
300 ## - DESCRIPCIÓN FÍSICA
Extensión 219 páginas :
Otras características físicas ilustraciones, gráficas, diagramas, tablas, fotos
336 ## - TIPO DE CONTENIDO
Fuente rdacontent
Término de tipo de contenido texto
Código de tipo de contenido txt
337 ## - TIPO DE MEDIO
Fuente rdamedia
Nombre/término del tipo de medio sin medio
Código del tipo de medio n
338 ## - TIPO DE SOPORTE
Fuente rdacarrier
Nombre/término del tipo de soporte volumen
Código del tipo de soporte nc
490 1# - MENCIÓN DE SERIE
Mención de serie Guías Técnicas IRIM (RENOVETEC)
Designación de volumen o secuencia Guía 2
505 ## - NOTA DE CONTENIDO CON FORMATO
Información miscelánea 1. LA ELABORACIÓN DEL PLAN DE MANTENIMIENTO -- <br/>LA NECESIDAD DE ELABORAR UN PLAN DE MANTENIMIENTO -- <br/>LA PÉRDIDA DE PRODUCCIÓN POR UN MAL MANTENIMIENTO --<br/>QUÉ ES UN PLAN DE MANTENIMIENTO --<br/>TAREAS DE MANTENIMIENTO --<br/>Frecuencia --<br/>Especialidad --<br/>Duración --<br/>LA AGRUPACIÓN DE TAREAS EN GAMAS--<br/>FORMAS DE ELABORAR UN PLAN DE MANTENIMIENTO --<br/>ERRORES AL ELABORAR UN PLAN DE MANTENIMIENTO --<br/><br/>2. ASPECTOS PREVIOS A TENER EN CUENTA --<br/>OBJETIVOS QUE SE PRETENDEN --<br/>LA MEDICIÓN DE OBJETIVOS: LOS INDICADORES DE MANTENIMIENTO --<br/>POLÍTICA DE EXTERNALIZACIÓN DE MANTENIMIENTO --<br/>CONOCIMIENTO DE LOS EQUIPOS Y SISTEMAS DE LA INSTALACIÓN --<br/>ESTRATEGIA DE MANTENIMIENTO --<br/><br/>3. TÉCNICAS PARA LA ELABORACIÓN DEL PLAN DE MANTENIMIENTO --<br/>INSTRUCCIONES DE FABRICANTES --<br/>PLAN BASADO EN PROTOCOLOS GENÉRICOS DE MANTENIMIENTO --<br/>PLAN BASADO ANÁLISIS DE FALLOS POTENCIALES --<br/><br/>4. LOS PROTOCOLOS DE MANTENIMIENTO --<br/>TAREAS DE MANTENIMIENTO --<br/>TAREAS Y PROCEDIMIENTO DE REALIZACIÓN --<br/>LA FORMA DE DESCRIBIR LAS TAREAS<br/>LA DETERMINACIÓN DE LAS TAREAS: EL PROTOCOLO MAESTRO --<br/><br/>5. FASES EN LA ELABORACIÓN DE UN PLAN DE MANTENIMIENTO --<br/>VISIÓN GENERAL DE LAS FASES DEL PROCESO --<br/>FASE 1: DECISIONES PREVIAS --<br/>FASE 2: ELABORACIÓN DE LOS PROTOCOLOS DE MANTENIMIENTO --<br/>LA ELABORACIÓN DE LA ESTRUCTURA JERÁRQUICA --<br/><br/>6. EL MANTENIMIENTO CONDUCTIVO --<br/>QUÉ ES EL MANTENIMIENTO CONDUCTIVO --<br/>TAREAS QUE INCLUYE EL MANTENIMIENTO CONDUCTIVO --<br/>LAS INSPECCIONES SENSORIALES --<br/>LAS LECTURAS O TOMAS DE DATOS --<br/><br/>7. MANTENIMIENTO POR REQUIRIMIENTOS LEGALES --<br/>LA IMPORTANCIA DEL MANTENIMIENTO LEGAL --<br/>LA RESPONSABILIDAD DE TITULAR DE LA INSTALACIÓN --<br/>FORMAS DE ABORDAR EL MANTENIMIENTO LEGAL --<br/>RESUMEN DE EQUIPOS SOMETIDOS A MANTENIMIENTO LEGAL --<br/>
520 2# - SUMARIO, ETC.
Sumario, etc. IRIM, el Instituto RENOVETEC de Ingeniería de Mantenimiento, ha publicado la GUÍA 2: ELABORACIÓN DE PLANES DE MANTENIMIENTO, una completa guía que trata de indicar, paso a paso, como elaborar el plan de mantenimiento en un amplio rango de instalaciones.
650 13 - PUNTO DE ACCESO ADICIONAL DE MATERIA--TÉRMINO DE MATERIA
9 (RLIN) 146987
Término de materia o nombre geográfico como elemento de entrada Equipo, mantenimiento y reparación
Subdivisión general Manuales
650 13 - PUNTO DE ACCESO ADICIONAL DE MATERIA--TÉRMINO DE MATERIA
9 (RLIN) 146986
Término de materia o nombre geográfico como elemento de entrada Equipment, maintenance and repair
Subdivisión general Manuals, textbooks, etc
830 ## - PUNTO DE ACCESO ADICIONAL DE SERIE-TÍTULO UNIFORME
9 (RLIN) 188339
Título uniforme Guías Técnicas IRIM (RENOVETEC)
942 ## - ELEMENTOS DE PUNTO DE ACCESO ADICIONAL (KOHA)
Fuente del sistema de clasificación o colocación Dewey Decimal Classification
942 ## - ELEMENTOS DE PUNTO DE ACCESO ADICIONAL (KOHA)
Tipo de ítem Koha Libro
Holdings
Estado de retiro Estado de pérdida Fuente del sistema de clasificación o colocación Estado dañado Restricciones de uso No para préstamo Código de colección Localización permanente Ubicación/localización actual Fecha de adquisición Fuente de adquisición Número de inventario Total de préstamos Signatura topográfica completa Código de barras Fecha visto por última vez Fecha del último préstamo Número de copia Precio válido a partir de Tipo de ítem Koha En préstamo
    Dewey Decimal Classification   Préstamo 5 días   General Ingenieria Agroindustrial Ingenieria Agroindustrial 13/11/2023 Compra TIEC Fac 64 C/e 3532 1 658.202 G37 2021 1102014990 24/09/2024 17/01/2024 Ej. 1 28/11/2023 Libro  
    Dewey Decimal Classification   Préstamo 5 días   General Ingenieria Agroindustrial Ingenieria Agroindustrial 13/11/2023 Compra TIEC Fac 65 C/e 3533 1 658.202 G37 2021 1102014991 29/11/2024 29/11/2024 Ej. 2 28/11/2023 Libro 25/06/2025